| 000 | 00674nam a2200205 a 4500 | ||
|---|---|---|---|
| 005 | 20221025063705.0 | ||
| 008 | 991125s19942013mx 000 0 spa u | ||
| 020 | _a9682449057 (10 dígitos) | ||
| 020 | _a0789682449055 (13 dígitos) | ||
| 035 | _aUPN01000027478 | ||
| 049 | _aCG | ||
| 050 | 4 |
_aLB647 _bC638 |
|
| 100 | 1 |
_aCompayré, Gabriel, _d1843-1913 _930505 |
|
| 245 | 1 | 0 |
_aHerbart : _bla educación a través de la instrucción / _cGabriel Compayré ; María Ochoa. |
| 260 |
_aMéxico : _bTrillas, _c1994. (2013, impr.) |
||
| 300 | _a97 p. | ||
| 440 | 0 |
_aBiblioteca grandes educadores ; _v8 |
|
| 600 | 1 | 4 |
_aHERBART, JOHANN FRIEDRICH, _d1776-1841 _930504 |
| 905 | _aLibro | ||
| 999 |
_c27478 _d27478 |
||